| 000 | 00779cam a2200205 4500 | ||
|---|---|---|---|
| 001 | 583 | ||
| 003 | OCoLC | ||
| 005 | 20181127161714.0 | ||
| 008 | 891107t19891988nyu 000 1 eng d | ||
| 020 | _a0440204798 (pbk.) | ||
| 100 | 1 | _aHinton, S. E. | |
| 245 | 1 | 0 |
_aTaming the star runner / _cS.E. Hinton. |
| 260 |
_aNew York, N.Y. : _bDell, _c1989, c1988. |
||
| 300 |
_a181 p. ; _c17 cm. |
||
| 490 | 0 | _aLaurel-leaf contemporary fiction. | |
| 500 | _a"Laurel-leaf books" | ||
| 520 | _aSent to live with his uncle after a violent confrontation with his stepfather, sixteen-year-old Travis, an aspiring writer, finds life in a small Oklahoma town confining until he meets an eighteen-year-old horse trainer named Casey. | ||
| 650 | 0 |
_aAuthorship _vFiction. |
|
| 650 | 0 |
_aHorses _vFiction. |
|
| 999 |
_c441 _d441 |
||